Senior college handbook : A ready refrence (Record no. 89640)

MARC details
000 -LEADER
fixed length control field 00490nam a2200193Ia 4500
008 - FIXED-LENGTH DATA ELEMENTS--GENERAL INFORMATION
fixed length control field 230125s9999 xx 000 0 und d
041 ## - LANGUAGE CODE
Language code of text/sound track or separate title eng
082 ## - DEWEY DECIMAL CLASSIFICATION NUMBER
Classification number 376
Item number MAN
100 ## - MAIN ENTRY--PERSONAL NAME
Personal name Mankar S
9 (RLIN) 112652
245 ## - TITLE STATEMENT
Title Senior college handbook : A ready refrence
260 ## - PUBLICATION, DISTRIBUTION, ETC. (IMPRINT)
Date of publication, distribution, etc. 1998
Name of publisher, distributor, etc. Atul publication
Place of publication, distribution, etc. kolhapur
300 ## - PHYSICAL DESCRIPTION
Extent 315p
500 ## - GENERAL NOTE
Keywords Education
500 ## - GENERAL NOTE
Keywords University rules for staff
650 ## - SUBJECT ADDED ENTRY--TOPICAL TERM
Topical term or geographic name as entry element Education
700 ## - ADDED ENTRY--PERSONAL NAME
Personal name Mankar S
9 (RLIN) 112652
906 ## - LOCAL DATA ELEMENT F, LDF (RLIN)
b 30
Holdings
Withdrawn status Lost status Damaged status Not for loan Home library Current library Date acquired Vendor Cost, normal purchase price Total Checkouts Full call number Barcode Date last seen Cost, replacement price Bill Date Koha item type Original Barcode
        Smt. Hiraben Nanavati Institute of Management & Research for Women Smt. Hiraben Nanavati Institute of Management & Research for Women 18/12/2001 Varma Book Distributor 200.00   376 MAN B02816 HIMR-BK-2816 25/01/2023 170.00 19/12/2001 Books B02816